Teoría y práctica de la psicoterapia familiar: desarrollos

Đã lưu trong:
Chi tiết về thư mục
Những tác giả chính: Ackerman, Nathan W (Tác giả), Beatman, Frances L (Tác giả), Jackson, Donald D (Tác giả), Sherman, Sanford N (Tác giả)
Định dạng: Sách
Ngôn ngữ:Tiếng Tây Ban Nha
Được phát hành: Buenos Aires Proteo 1970
Loạt:Biblioteca Persona y Sociedad. Serie Mayor, 2
Những chủ đề:
Các nhãn: Thêm thẻ
Không có thẻ, Là người đầu tiên thẻ bản ghi này!

MARC

LEADER 00000nam a2200000 a 4500
001 UCY7705
003 CL-VaPUC
008 950616e19700000AG |||||||||||||||||spa|d
082 0 4 |a 616.891  |b ACK  |2 21 
100 0 |a Ackerman, Nathan W  |e author  |9 338410 
700 0 |a Beatman, Frances L  |e author  |9 338411 
700 |a Jackson, Donald D  |e author  |9 543183 
700 0 |a Sherman, Sanford N  |e author  |9 338413 
245 1 0 |a Teoría y práctica de la psicoterapia familiar: desarrollos 
300 |a 174 p 
942 |c BK 
945 |d 19950616 00:00:00  |a cmena 
260 |a Buenos Aires  |b Proteo  |c 1970 
650 0 |a Familias   |9 255641 
650 7 |a PSICOTERAPIA  |2 CL-VaPUC  |9 338414 
650 0 |a Trabajo social   |9 307856 
650 0 |a Problemas sociales  |9 258537 
650 0 |a Terapia ocupacional  |9 338415 
583 |a last modification  |c 20180227 05:58:15  |k Rodrigo Vera 
490 0 |a Biblioteca Persona y Sociedad. Serie Mayor, 2 
999 |c 235030  |d 235028 
952 |0 0  |1 0  |4 0  |6 616_891000000000000_ACK_1970  |7 0  |8 P  |9 242134  |a BIBEDU  |b BIBEDU  |c BIBEDU_PB  |d 2019-11-18  |i 1521233  |o 616.891 ACK 1970  |p 1521233  |r 2019-11-18  |w 2019-11-18  |y BK  |k EDU